000
00229nam a22000857a 4500
008
161210b xxu||||| |||| 00| 0 eng d
100
_9
1975
_a
Narang.M.etal.
245
_a
Physical and Health Education-XI
260
_a
New Delhi
_b
PPC
_c
2011
999
_c
4776
_d
4776